000
00312nam a2200121Ia 4500
008
191014s9999 xx 000 0 und d
082
_a
530.12
_b
HAA
100
_a
D.Ter Haar
_9
20283
245
0
_a
Problems In Quantum Mechanics
260
_a
London
_b
Infosearch Limited
_c
1960
300
_a
Peg,394
942
_c
BK
999
_c
530853
_d
530853